Manual de Periodontología Clínica (Registro nro. 134)

000 -CABECERA
Campo de control de longitud fija 01055nam a22002657a 4500
003 - IDENTIFICADOR DEL NÚMERO DE CONTROL
Campo de control OSt
005 - FECHA Y HORA DE LA ÚLTIMA TRANSACCIÓN
Campo de control 20240815100819.0
008 - CÓDIGOS DE INFORMACIÓN DE LONGITUD FIJA
Campo de control de longitud fija 240815t xxu||||| |||| 00| 0 eng d
040 ## - FUENTE DE LA CATALOGACIÓN
Centro que cataloga Bogotá (Dr. David Ordóñez Rueda) - Campus Norte
Centro catalogador de origen Unicoc
Lengua de catalogación spa
Centro modificador Bogotá (Dr. David Ordóñez Rueda) - Campus Norte
082 ## - NÚMERO DE LA CLASIFICACIÓN DECIMAL DEWEY
Número de clasificación 617.632
Número de documento W256m
100 ## - PUNTO DE ACCESO PRINCIPAL - NOMBRE DE PERSONA
Nombre de persona Ward, Howard L.
245 ## - MENCIÓN DE TÍTULO
Título Manual de Periodontología Clínica
260 ## - PUBLICATION, DISTRIBUTION, ETC. (IMPRINT)
Lugar de publicación distribución etc. Buenos Aires:
Nombre del editor distribuidor etc. Editorial Mundi S. A. C. I. y F.
300 ## - DESCRIPCIÓN FÍSICA
Extensión XI.190 Paginas.
500 ## - NOTA GENERAL
Nota general Incluye Indice
504 ## - NOTA DE BIBLIOGRAFÍA; ETC.
Nota de bibliografía etc. No contiene
505 ## - NOTA DE CONTENIDO CON FORMATO
Título Entrevista y examen. --
-- Plan de tratamiento. --
-- Instrumentación. --
-- Fisioterapia bucal. --
-- Cirugía periodontal. --
-- Equilibrio oclusal. --
-- Movimientos dentarios. --
-- Estabilización temporaria de los dientes. --
-- Urgencias. --
-- Trastornos de la articulación temporomandibular; diagnóstico diferencial. --
-- Fotografía bucal clínica. --
526 ## - NOTA DE INFORMACIÓN SOBRE EL PROGRAMA DE ESTUDIO
Institución que aplica el campo Unicoc
546 ## - NOTA DE LENGUA
Nota de lengua Inglés y español
650 ## - PUNTO DE ACCESO ADICIONAL DE MATERIA - TÉRMINO DE MATERIA
Término de materia o nombre geográfico como elemento inicial ODONTOLOGIA
650 ## - PUNTO DE ACCESO ADICIONAL DE MATERIA - TÉRMINO DE MATERIA
Término de materia o nombre geográfico como elemento inicial MANUALES \ PERIODONCIA
650 ## - PUNTO DE ACCESO ADICIONAL DE MATERIA - TÉRMINO DE MATERIA
Término de materia o nombre geográfico como elemento inicial MANUALES
658 #0 - TÉRMINO DE INDIZACIÓN - OBJETIVO CURRICULAR
9 (RLIN) 8315
Programa Académico Programa de Odontología
942 ## - ENTRADA PARA ELEMENTOS AGREGADOS (KOHA)
Fuente de clasificación o esquema de ordenación en estanterías
Koha [por defecto] tipo de item Libro
Existencias
Fecha de adquisición Tipo de item de Koha Fecha del precio de reemplazo Estropeado Localización permanente Fecha última consulta Fuente de clasificación o esquema de ordenación en estanterías Signatura completa No para préstamo Estado de pérdida Código de barras Localización actual Número de ejemplar
2010-08-21Libro2014-05-21 Bogotá (Dr. David Ordóñez Rueda) - Campus Norte2015-06-05 617.632 W256m  8349Bogotá (Dr. David Ordóñez Rueda) - Campus NorteEj. 7
2010-08-21Libro2014-05-21 Bogotá (Dr. David Ordóñez Rueda) - Campus Norte2015-06-05 617.632 W256m  8350Bogotá (Dr. David Ordóñez Rueda) - Campus NorteEj. 8
2010-08-21Libro2014-05-21 Bogotá (Dr. David Ordóñez Rueda) - Campus Norte2015-06-05 617.632 W256m  8351Bogotá (Dr. David Ordóñez Rueda) - Campus NorteEj. 9
2010-08-21Libro2014-05-21 Bogotá (Dr. David Ordóñez Rueda) - Campus Norte2015-06-05 617.632 W256m  8352Bogotá (Dr. David Ordóñez Rueda) - Campus NorteEj. 10
2010-08-21Libro2014-05-21 Bogotá (Dr. David Ordóñez Rueda) - Campus Norte2015-06-05 617.632 W256m  8353Bogotá (Dr. David Ordóñez Rueda) - Campus NorteEj. 11
2009-06-25Libro2014-05-21 Bogotá (Dr. David Ordóñez Rueda) - Campus Norte2015-06-05 617.632 W256m  B094Bogotá (Dr. David Ordóñez Rueda) - Campus NorteEj. 1
2009-06-25Libro2014-05-21 Bogotá (Dr. David Ordóñez Rueda) - Campus Norte2015-06-05 617.632 W256m  B095Bogotá (Dr. David Ordóñez Rueda) - Campus NorteEj. 2
2009-06-25Libro2014-05-21 Bogotá (Dr. David Ordóñez Rueda) - Campus Norte2015-06-05 617.632 W256m  B096Bogotá (Dr. David Ordóñez Rueda) - Campus NorteEj. 3
2009-06-25Libro2014-05-21 Bogotá (Dr. David Ordóñez Rueda) - Campus Norte2015-06-05 617.632 W256m  B097Bogotá (Dr. David Ordóñez Rueda) - Campus NorteEj. 4
2009-06-25Libro2014-05-21 Bogotá (Dr. David Ordóñez Rueda) - Campus Norte2015-06-05 617.632 W256m  B098Bogotá (Dr. David Ordóñez Rueda) - Campus NorteEj. 5
2009-06-25Libro2014-05-21 Bogotá (Dr. David Ordóñez Rueda) - Campus Norte2015-06-05 617.632 W256m  B099Bogotá (Dr. David Ordóñez Rueda) - Campus NorteEj. 6

© 2014 UNICOC | Institución Universitaria Colegios de Colombia - UNICOC
Bogotá D.C. Autopista Norte Km. 20. Teléfono:(571)6683535
Cali: Calle 13 Norte No. 3N-13. Teléfono: (572)6608887

Con tecnología de Koha